CRC handbook of transporation and marketing in agriculture. V 2. Field crops. (Record no. 37136)

MARC details
000 -LEADER
fixed length control field 00373nam a2200121Ia 4500
082 ## - DEWEY DECIMAL CLASSIFICATION NUMBER
Classification number 339.138:631(035)
Item number FIN.2
245 #0 - TITLE STATEMENT
Title CRC handbook of transporation and marketing in agriculture. V 2. Field crops.
260 ## - PUBLICATION, DISTRIBUTION, ETC. (IMPRINT)
Place of publication Florida
Name of publisher CRC Press
Year of publication 1981
650 ## - SUBJECT ADDED ENTRY--TOPICAL TERM
Topical Term Agricultural marketing
700 ## - ADDED ENTRY--PERSONAL NAME
Personal name FINNEY, Essex E
942 ## - ADDED ENTRY ELEMENTS (KOHA)
Koha item type Books
Holdings
Withdrawn status Lost status Damaged status Not for loan Home library Current library Date acquired Full call number Accession Number Koha item type
        RRII Library RRII Library 16/12/2021 339.138:631(035) FIN.2 17524 Books